00675naa#a2200181#i#4500001001600000005001700016011001400033100004100047102000700088200011800095210005200213215001000265608002700275675012100302700002300423700002600446856002100472EN\\bibl\12104720260516015737.6##a1998-6785##a20220921b2022####ek#y0engy0150####ca##aRU1#aOn the issue of confrontation between China and Vietnam in the South China Sea: past and presenteJournal article1#aVladivostokcVladivostok State Universityd2022##a7 с.##aJournal article2local##aМеждународные отношения. Мировая политика. Внешняя политика. 327#1aZolotukhingIvan N#1aZaytcevgVladislav O.4#avvgu.editorum.ru